| 000 | 01060nam a2200229Ia 4500 | ||
|---|---|---|---|
| 003 | GCL | ||
| 008 | 140319s9999 xx 000 0 ara d | ||
| 020 | _a1096829953 | ||
| 040 |
_aGCL / _cGCL |
||
| 082 | 0 | 4 |
_a327.16 _bا ح |
| 100 | 1 | _aمحمد نورالدين | |
| 245 | 1 | 0 |
_aالحرب الاسرائيلية على لبنان : _bالتداعيات اللبنانية والاسرائيلية وتأثيراتها العربية والإقليمية والدولية - بحوث ومناقشات الندوة الفكرية التى نظمها مركز دراسات الوحدة العربية / _cمحمد نورالدين |
| 700 | 1 | _aزياد الحافظ | |
| 700 | 1 | _aاحمد يوسف احمد | |
| 250 | _aالاولى | ||
| 260 |
_aبيروت : _bمركز دراسات الوحدة العربية ، _c2006 |
||
| 300 |
_a456 ص ؛ _c24 سم |
||
| 650 | 0 | 4 | _aالنزاع العربى الاسرائيلى |
| 650 | 0 | 4 | _aالمنازعات الدولية |
| 650 | 0 | 4 | _aالاعتداء الاسرائيلى على لبنان |
| 942 |
_2ddc _cBK |
||
| 999 |
_c9007 _d9007 |
||